000 01540cam a22002174a 4500
005 20250605163938.0
008 250528s ||||||||||||||||||||||||d
035 _a14930
020 _a1872962289
040 _aGR-AtMCL
_bgre
_dGR-AtMCL
_eAACR2
245 1 _aAccounting / An Introduction to the Principles of Accounting: Second Edition
250 _a2nd
260 _bOsborne Business,
_c1998
300 _a254
520 _aThis book is an introduction to the principles of financial, cost and management accounting. Accounting Records, Introduction: Accounts and Accountants, Double Entry Book-Keeping, Balancing the Books; The Trial Balance, The Books of the Business, Computer Accounting Systems, Accounting Statements, Sole Trader Final Accounts, Adjustments to the Final Accounts, Incomplete Records, Parthnership Accounts, Limited Company Accounts, Cash Flow Statements, Published Accounts of Limited Companies, Cost and Management Accounting, Cost Accounting and Manufacturing Accounts, Accounting for Materials and Labor, Overhead Costs, Job Costing and Process Costing, Standard Costing and Variance Analysis, Budgets and Budgetary Control, Cash Budgets and Forecast Final Accounts, Working Capital Management, Further Aspects of Working Capital, Presentation and Analysis of Accounting Information, Accounting Ratios, Statistical Techniques and Accounting Data, Statistical Forecasting Techniques, Index.
700 1 _aCox David
_9733
700 1 _aFardon Michael
_9740
942 _cBK
999 _c540
_d540